| 000 | 00410nam a22001457a 4500 | ||
|---|---|---|---|
| 020 | _a0750647108 | ||
| 040 | _cNUST | ||
| 082 |
_a658.4038 _bAHM |
||
| 100 |
_aPervaiz K. Ahmad, _9125196 |
||
| 110 |
_aK.K Lim , Ann Y.E. Loh _9125197 |
||
| 245 | _aLearning through Knowledge Management | ||
| 260 |
_aLondon: _bLibrary of Congress, _c2002. |
||
| 650 | _2Learning through Knowledge Management | ||
| 942 |
_2ddc _cBK |
||
| 999 |
_c610974 _d610974 |
||